000 00463nam a2200169Ia 4500
999 _c37110
_d37110
003 OSt
005 20210122150139.0
008 190216s9999||||xx |||||||||||||| ||und||
040 _coclc
082 _a658.007
_bAGA/C
100 _aAgarwal, R C
_9586
245 0 _aCAT /
_cR C Agarwal
260 _bBright Publications,
_c2012.
_aNew Delhi:
300 _a300p
650 _aReferences
942 _cREF
_2ddc
_h658.007
_iAGA/C
_k658.007
_mAGA/C